Burgery w McDonald's - Statystyki

Ogólne statystyki
  • Ten quiz został rozwiązany 6 895 razy
  • Średni wynik to 7 z 11
Statystyki odpowiedzi
Opis burgera Odpowiedź % Poprawnych
Zachwyca dwoma kawałkami soczystej wołowiny, świeżymi warzywami i sekretnym sosem. Big Mac
91%
Burger dla wielbicieli sielskiego życia. Wołowina,świeże warzywa, a wszystko w sosie musztardowo-chrzanowym. WieśMac
80%
Plaster wołowiny, pikle,cebula, keczup i musztarda. Prosty, smaczny i każdemu przypadnie do gustu Hamburger
78%
Najpopularniejszy burger, który ucieszy każde podniebienie. Cheeseburger
74%
Jego królewski smak od lat rządzi w McDonald's. McRoyal
74%
Soczysty kurczak, sałata i sos majonezowy. To chyba najsłynniejszy kurczak w McDonald's. McChicken
61%
Niepowtarzalny sos paprykowo-pomidorowy, panierowane mięso z kurczaka i krojona sałata. Mmmm Kurczakburger
46%
Klasyczny smak wołowiny dopełniają papryczki oraz pikanty sos. Jalapeno Burger
45%
Znajdziesz w nim aż 2 plastry wołowiny, a do tego ser, cebulę, keczup i musztardę. McDouble
44%
Oryginalny smak kurczaka w panierce z sosem miodowo-musztardowym. Chikker
40%
Nie trzeba wypływać na głębokie wody, aby skosztować tego wyjątkowego smaku. Filet-O-Fish
35%
Nie znaleziono quizów pasujących do podanych kryteriów
Rozkład punktacji
Procent ludzi z każdym wynikiem
Percentyl według liczby udzielonych odpowiedzi
Twoja historia wyników
Nie rozwiązałeś tego quizu